| 000 | 00659nam a22002057a 4500 | ||
|---|---|---|---|
| 003 | OSt | ||
| 005 | 20250709060259.0 | ||
| 008 | 250703b |||||||| |||| 00| 0 eng d | ||
| 020 | _a9789719654629 | ||
| 040 |
_aDWCL - Main lib _cOC |
||
| 082 | _aFil. 005.74068 P123f 2017 | ||
| 100 | _aPadre, Nilo M. | ||
| 245 |
_aFundamentals of database management system/ _cNilo M. Padre |
||
| 250 | _a First edition. | ||
| 260 |
_aManila : _b Unlimited books, _cc2017. |
||
| 300 |
_ax, 123 pages : _b illustrations ; _c26 cm. |
||
| 504 | _aIncludes bibliographical references. | ||
| 650 | _a1. Database management. | ||
| 942 |
_2ddc _cBK - FIL _eFirst edition. _kFil. _n0 |
||
| 999 |
_c3359 _d3359 |
||